000 00339nam a22001577a 4500
005 20160613165424.0
008 160613b xxu||||| |||| 00| 0 eng d
020 _a81-85567-01-8
041 _aeng
082 _b7303
245 _aGroup Discussion
260 _bS publishing
300 _a192
650 _aManagement
_9241
942 _cBK
999 _c2564
_d2563